000 01609 a2200217 4500
001 29664
005 20260407155607.0
008 260407a1964 arg spa d
003 AR-UNSa-BCEJYS
040 _aAR-UNSa-BCEJYS
_bspa
_cAR-UNSa-BCEJYS
080 _a657.36
_xBalances de comprobación (balance estimativo). Balances de saldo. Balance intermedio
245 1 0 _aNuevo tratado de análisis y discusión de balances
264 1 _aMadrid :
_bAguilar
_c1964
300 _axxiii, 615 p.
_c22 cm.
505 _a1. El balance legal y su interpretación - 2. Fondos de rotación, liquidez y tesoreria - 3. Comparación de balances - 4. Los Stocks - 5. Cartera de valores y participaciones financieras - 6. Las amortizaciones necesarias - 7. Amortizaciones facultativas y salvaguardia de los patrimonios industriales - 8. Provisiones y previsiones - 9. Balance se sociedades de seguro, reserva para riesgos en curso y reservas matematicas - 10. Emprestitos, obligaciones - 11. Cuentas de orden y pasivos latentes de las sociedades - 12. Del saneamiento financiero - 13. El reembolso del capital social - 14. De la amortización del capital social - 15. La cuenta de perdidas y ganancia - 16. Del reparto de beneficios - 17. Utilización abusiva de las plusvalías de revaluación - 18. Beneficios ilusorios y dividendos ficticios - 19. Rendimiento de explotación y rentabilidad de los capitales e inversiones - 20. Conclusión.
942 _cBK
590 _aniveau_biblio:m niveau_hierar:0
100 1 _aSuarez Franck, Armando
700 1 _aHanon de Louvert, Charles
700 1 _aGomez Acebo, Enrique Alau
999 _c1935
_d1935